| 000 | 00698cab a2200229 4500 | ||
|---|---|---|---|
| 001 | WB3424-17 | ||
| 008 | 090401t1998 xxu||||| |||| 00| 0 eng d | ||
| 035 | _a(Sirsi) u87029 | ||
| 041 | _aeng | ||
| 245 | _aDroit de Suite | ||
| 260 | _c1998 | ||
| 350 | _a0 | ||
| 490 |
_aAntiques Trade Gazette _v(1344) 27 June 1998, 1,86(1) |
||
| 520 | _aThe government has condemned European Commission proposals for an Artists Resale Levy or Droit de Suite which could be enforced in the UK. Letter. | ||
| 650 | _aARTISTS RESALE LEVY | ||
| 650 | _aDIRECTIVE 2001/84/EC | ||
| 650 | _aIMPORTS | ||
| 650 | _aVALUE ADDED TAX | ||
| 690 |
_aArts and antiques _96217 |
||
| 942 | _n0 | ||
| 948 | _c25/06/1998 | ||
| 999 |
_c54827 _d54827 |
||